مكتبة جامعة عجلون الوطنية

فهرس بحث المكتبة

طبقات الشافعية (Record no. 10551)

MARC details
000 -LEADER
fixed length control field 00823nam a2200217Ii 4500
003 - CONTROL NUMBER IDENTIFIER
control field JO-AjNU
008 - FIXED-LENGTH DATA ELEMENTS--GENERAL INFORMATION
fixed length control field 230605s9999||||xx |||||||||||||| ||und||
040 ## - CATALOGING SOURCE
Original cataloging agency JO-AjNU
Language of cataloging ara
Description conventions rda
Transcribing agency JO-AjNU
041 ## - LANGUAGE CODE
Language code of text/sound track or separate title ara
050 14 - LIBRARY OF CONGRESS CALL NUMBER
Classification number BP153.H8722 1982
100 3# - MAIN ENTRY--PERSONAL NAME
Personal name الحسيني، أبي بكر بن هداية الله؛ تحقيق وتعليق عادل نويهض؛ مراجعة لجنة احياء التراث العربي,
Relator term author
9 (RLIN) 20548
245 00 - TITLE STATEMENT
Title طبقات الشافعية
250 ## - EDITION STATEMENT
Edition statement ط3
264 31 - PRODUCTION, PUBLICATION, DISTRIBUTION, MANUFACTURE, AND COPYRIGHT NOTICE
Place of production, publication, distribution, manufacture بيروت: دار الافاق الجديدة، 1982
300 ## - PHYSICAL DESCRIPTION
Extent 286ص
336 ## - CONTENT TYPE
Content type term text
Content type code txt
Source rdacontent
337 ## - MEDIA TYPE
Media type term unmediated
Media type code n
Source rdamedia
338 ## - CARRIER TYPE
Carrier type term volume
Carrier type code nc
Source rdacarrier
490 0# - SERIES STATEMENT
Series statement ذخائر التراث العربي
650 #4 - SUBJECT ADDED ENTRY--TOPICAL TERM
Topical term or geographic name entry element الفقهاء الشافعين - تراجم -
9 (RLIN) 20549
Holdings
Withdrawn status Lost status Source of classification or shelving scheme Damaged status Not for loan Home library Current library Shelving location Date acquired Total Checkouts Full call number Barcode Date last seen Price effective from Koha item type
    Library of Congress Classification     مكتبة جامعة عجلون الوطنية مكتبة جامعة عجلون الوطنية المجموعات العامة 06/06/2023   BP153.H8722 1982 A6983 06/06/2023 06/06/2023 Books